|
|
|
|
| LEADER |
00924nam a2200253 a 4500 |
| 001 |
c000056656 |
| 003 |
CARM |
| 005 |
00000000000000.0 |
| 008 |
s1985 nz a 00010 eng d |
| 019 |
1 |
|
|a 4494043
|5 LACONCORD2021
|
| 020 |
|
|
|a 0908616112 (pbk.) :
|c $15
|
| 035 |
|
|
|a (OCoLC)154299876
|5 LACONCORD2021
|
| 040 |
|
|
|a NZNB
|c WN
|
| 043 |
|
|
|a u-nz----
|
| 100 |
1 |
|
|a Stott, Bob,
|d 1940-
|
| 245 |
1 |
0 |
|a New Zealand trains in colour /
|c compiled by Bob Stott.
|
| 260 |
|
|
|a Porirua, N.Z. :
|b Southern Press,
|c 1985.
|
| 300 |
|
|
|a [48] p. :
|b all col. ill. ;
|c 30 cm.
|
| 650 |
|
0 |
|a Railroads
|z New Zealand
|x Trains
|x Pictorial works.
|
| 740 |
0 |
1 |
|a Trains in colour
|
| 852 |
8 |
|
|b CARM
|h A2:AO33C3
|i D04090
|p 0185145
|f BK
|
| 082 |
0 |
4 |
|a 385.09931
|2 19
|
| 999 |
f |
f |
|i 39dd317e-bfe4-5b8c-9d1a-71faac74b538
|s 0985398a-e136-5372-a43f-d2001b524c7e
|
| 952 |
f |
f |
|p Can circulate
|a CAVAL
|b CAVAL
|c CAVAL
|d CARM 1 Store
|e D04090
|f A2:AO33C3
|h Other scheme
|i book
|m 0185145
|